| 000 -CABECERA |
| Longitud fija campo de control |
00878nas a2200265 a 4500 |
| 001 - NÚMERO DE CONTROL |
| Número de control |
5579 |
| 003 - IDENTIFICADOR DEL NÚMERO DE CONTROL |
| Identificador del número de control |
CDMR |
| 005 - FECHA Y HORA DE LA ÚLTIMA TRANSACCIÓN |
| Fecha y hora de la última transacción |
20151130101955.0 |
| 008 - CÓDIGOS DE INFORMACIÓN DE LONGITUD FIJA |
| Códigos de información de longitud fija |
130130u1995||||sp ||||||||||||||||cat|d |
| 022 ## - NÚMERO INTERNACIONAL NORMALIZADO PARA PUBLICACIONES SERIADAS |
| Número Internacional Normalizado para Publicaciones Seriadas |
2013-7370 |
| 040 ## - FUENTE DE LA CATALOGACIÓN |
| Centro catalogador de origen |
CDMR |
| Lengua de catalogación |
cat |
| Centro transcriptor |
CPC GIRONA |
| 245 00 - MENCIÓN DE TÍTULO |
| Título |
Suplement de la imatge |
| 260 ## - PUBLICACIÓN, DISTRIBUCIÓN, ETC. (PIE DE IMPRENTA) |
| Fecha de publicación, distribución, etc. |
1996- |
| Nombre del editor, distribuidor, etc. |
UPIFC |
| Lugar de publicación, distribución, etc. |
Barcelona |
| 300 ## - DESCRIPCIÓN FÍSICA |
| Otras características físicas |
il. |
| Dimensiones |
24 cm |
| Extensión |
núm. |
| 362 ## - FECHAS DE PUBLICACIÓN Y/O DESIGNACIÓN SECUENCIAL |
| Fecha de publicación y/o designación secuencial |
Núm. 5 (jul. 1996) - |
| 500 ## - NOTA GENERAL |
| Nota general |
Núm. 1 de Suplement de la imatge acompanya L'agenda de la imatge, Any II, núm. 5 |
| 500 ## - NOTA GENERAL |
| Nota general |
Segueix la numeració de l'Agenda de la imatge |
| 650 04 - PUNTO DE ACCESO ADICIONAL DE MATERIA - TÉRMINO DE MATERIA |
| 9 (RLIN) |
3899 |
| Término de materia o nombre geográfico como elemento inicial |
Fotografia |
| Subdivisión de forma |
Revistes |
| 650 04 - PUNTO DE ACCESO ADICIONAL DE MATERIA - TÉRMINO DE MATERIA |
| 9 (RLIN) |
1270 |
| Término de materia o nombre geográfico como elemento inicial |
Fotoperiodisme |
| 650 04 - PUNTO DE ACCESO ADICIONAL DE MATERIA - TÉRMINO DE MATERIA |
| 9 (RLIN) |
3492 |
| Término de materia o nombre geográfico como elemento inicial |
Relacions laborals |
| 650 04 - PUNTO DE ACCESO ADICIONAL DE MATERIA - TÉRMINO DE MATERIA |
| 9 (RLIN) |
4580 |
| Término de materia o nombre geográfico como elemento inicial |
Butlletins d'informació |
| 710 2# - PUNTO DE ACCESO ADICIONAL - NOMBRE DE ENTIDAD |
| 9 (RLIN) |
2834 |
| Nombre de entidad o nombre de jurisdicción como elemento inicial |
Unió de Professionals de la Imatge i Fotografia de Catalunya |
| 772 0# - ENLACE A LA PUBLICACIÓN PRINCIPAL |
| Número Internacional Normalizado para Publicaciones Seriadas (ISSN) |
2013-3200 |
| Título |
L'agenda de la imatge |
| Número de control del registro relacionado |
5540 |
| 942 ## - ENTRADA DE ELEMENTOS AGREGADOS (KOHA) |
| Koha [por defecto] tipo de item |
Publicacions periòdiques |
| Fuente de clasificaión o esquema |
|